000 00952nam a2200253Ia 4500
003 OSt
005 20220923212601.0
006 a|||||r|||| 00| 0
007 ta
008 220922b |||||||| |||| 00| 0 hin d
024 _a154,208
037 _cTextual
040 _aARTS
_cARTS
_bhin
041 _2hin
_ahin
082 _aO152:gN5, J6;K6
100 _aवार्ष्णेय, लक्ष्मी सागर
245 0 _aबीसवीं शताब्दी हिन्दी साहित्य
_b नए सन्दर्भ
246 _aBīsavīan shatābdī hindī sāhitya: nae sandarbha
260 _aइलाहाबाद
_b साहित्य भवन
_c1966
300 _a320 पृ.
_ccm.
650 _aहिन्दी साहित्य
_9156264
942 _hO152:gN5, J6;K6
_cTEXL
_2CC
999 _c309836
_d309836